Histoire de l'École d'Alexandrie / (Record no. 165394)
[ view plain ]
| 000 -LEADER | |
|---|---|
| campo de control de longitud fija | 00846nam a22002535i 4500 |
| 001 - NÚMERO DE CONTROL | |
| campo de control | 165394 |
| 003 - IDENTIFICADOR DE NÚMERO DE CONTROL | |
| campo de control | ES-MaACL |
| 005 - FECHA Y HORA DE LA ÚLTIMA TRANSACCIÓN | |
| campo de control | 20240218063024.0 |
| 008 - DATOS DE LONGITUD FIJA--INFORMACIÓN GENERAL | |
| campo de control de longitud fija | 960307s1845 fr |||| | fre d |
| 040 ## - FUENTE DE CATALOGACIÓN | |
| Centro catalogador/agencia de origen | EUS |
| Lengua de catalogación | spa |
| Centro/agencia transcriptor | EUS |
| 100 1# - ENTRADA PRINCIPAL--NOMBRE DE PERSONA | |
| Nombre de persona | Simon, Jules, |
| Fechas asociadas al nombre | 1814-1896 |
| 9 (RLIN) | 224189 |
| 245 10 - MENCIÓN DEL TÍTULO | |
| Título | Histoire de l'École d'Alexandrie / |
| Mención de responsabilidad, etc. | par Jules Simon. |
| 260 ## - PUBLICACIÓN, DISTRIBUCIÓN, ETC. | |
| Lugar de publicación, distribución, etc. | Paris : |
| Nombre del editor, distribuidor, etc. | Joubert, Libraire-Éditeur, |
| Fecha de publicación, distribución, etc. | 1845 ( |
| Fabricante | Imprimerie de Fain et Thunot) |
| 300 ## - DESCRIPCIÓN FÍSICA | |
| Extensión | 2 v. ([6], 602 p. ; [4], 692 p.) ; |
| Dimensiones | 23 cm. |
| 596 #1 - NOTA AL PIE DE IMPRENTA | |
| NOTA AL PIE DE IMPRENTA | Colofón. |
| 596 #1 - NOTA AL PIE DE IMPRENTA | |
| NOTA AL PIE DE IMPRENTA | Marca de ed. en port. |
| 597 #1 - NOTA DE DESCRIPCIÓN FÍSICA | |
| NOTA DE DESCRIPCIÓN FÍSICA | Signaturizado numéricamente. |
| 597 #1 - NOTA DE DESCRIPCIÓN FÍSICA | |
| NOTA DE DESCRIPCIÓN FÍSICA | Antep. |
| 700 11 - ENTRADA AGREGADA--NOMBRE PERSONAL | |
| Nombre de persona | Joubert, Joseph, |
| Término indicativo de función/relación | |
| 9 (RLIN) | 128363 |
| 700 21 - ENTRADA AGREGADA--NOMBRE PERSONAL | |
| Nombre de persona | Faint et Thunot, |
| Término indicativo de función/relación | |
| 9 (RLIN) | 127007 |
| 752 ## - ENTRADA AGREGADA--NOMBRE JERÁRQUICO DEL LUGAR | |
| País o entidad superior | Francia - |
| Ciudad | , París |
| 852 ## - LOCALIZACIÓN | |
| Ubicación | ES-MaACL |
| Número de control de estantería | F-11796-11797 |
| Nota libre | -- Enc. hol. |
| Estatus retirado | Estado de pérdida | Estado de daño | No para préstamo | Colección | Biblioteca de origen | Biblioteca actual | Ubicación en estantería | Fecha de adquisición | Fuente de adquisición | Total de préstamos | Signatura topográfica completa | Código de barras | Visto por última vez | Precio de reemplazo | Tipo de ítem Koha |
|---|---|---|---|---|---|---|---|---|---|---|---|---|---|---|---|
| Libros del s. XIX | Biblioteca del Ateneo de Madrid | Biblioteca del Ateneo de Madrid | Sala Pecera Planta 2 | 17/01/2008 | F-11796-11797 | 1173438 | 23/02/2023 | 23/02/2023 | Libro impreso antiguo |
